000 00682cab a2200205 4500
001 X3483
008 090401t1996 xxu||||| |||| 00| 0 eng d
035 _a(Sirsi) u30783
041 _aeng
245 _aRICS president joins BSE debate
260 _c1996
350 _a0
490 _aCSM (Chartered Surveyor Monthly)
_v5(8) May 1996, 4(1)
520 _aRICS president Simon Pott has written to Minister of Agriculture highlighting some issues that would arise if it became necessary to slaughter any or all of Britain`s 11.8m cattle.
650 _aBSE ERADICATION PROGRAMME
650 _aCATTLE SLAUGHTER
690 _aRURAL PRACTICE
942 _n0
948 _c04/03/1997
999 _c20745
_d20745